Sociálne zabezpečenie vybrané kapitoly

Enregistré dans:
Détails bibliographiques
Auteur principal: Rievajová, Eva
Autres auteurs: Rišňovský, Ľudovít
Format: Livre
Langue:slovaque
Publié: Bratislava SPRINT vfra 2000
Sujets:
Tags: Ajouter un tag
Pas de tags, Soyez le premier à ajouter un tag!

MARC

LEADER 00000nam a2200000 4500
001 c117962
005 20221123133447.6
020 |a 80-88848-57-1 
041 0 |a slo 
044 |a SK 
245 1 0 |a Sociálne zabezpečenie  |b vybrané kapitoly  |c Eva Rievajová a kolektív ; Ľudovít Rišňovský 
264 1 |a Bratislava  |b SPRINT vfra  |c 2000 
300 |a 146 s. 
610 2 0 |a zabezpečenie sociálne 
610 2 0 |a mzdy minimálne 
610 2 0 |a minimum existenčné 
610 2 0 |a poistenie sociálne 
610 2 0 |a poistenie nemocenské 
610 2 0 |a zabezpečenie dôchodkové 
610 2 0 |a dávky sociálne 
610 2 0 |a pomoc sociálna 
610 2 0 |a transformácia 
610 2 0 |a hospodárstvo trhové 
610 2 0 |a Slovensko 
100 1 |a Rievajová, Eva 
700 1 |a Rišňovský, Ľudovít